Graph theory and its applications
Saved in:
| Hovedforfatter: | |
|---|---|
| Format: | Bog |
| Sprog: | engelsk |
| Udgivet: |
Nueva York
Academic Press
1970
|
| Fag: | |
| Tags: |
Tilføj Tag
Ingen Tags, Vær først til at tagge denne postø!
|
MARC
| LEADER | 00000nam a2200000 a 4500 | ||
|---|---|---|---|
| 001 | UCW1663 | ||
| 003 | CL-VaPUC | ||
| 008 | 921006e19700000US |||||||||||||||||eng|d | ||
| 082 | 0 | 4 | |a 511.5 |b HAR |2 21 |
| 100 | 0 | |a Harris, Bernard |e author |9 305702 | |
| 245 | 1 | 0 | |a Graph theory and its applications |
| 300 | |a 262 p | ||
| 942 | |c BK | ||
| 945 | |d 19921006 00:00:00 | ||
| 260 | |a Nueva York |b Academic Press |c 1970 | ||
| 650 | 0 | |a Teoría de grafos |9 269886 | |
| 650 | 0 | |a Congresos |9 257560 | |
| 583 | |a last modification |c 19921006 00:00:00 |k Rodrigo Vera | ||
| 999 | |c 216516 |d 216514 | ||